Coastal Desert Countries - Statistics

General Stats
  • This quiz has been taken 62 times
  • The average score is 28 of 35
Answer Stats
Coastal Desert Country % Correct
Morocco
98%
Egypt
96%
Libya
91%
Mauritania
91%
Saudi Arabia
91%
Chile
89%
Iran
89%
Kuwait
89%
Somalia
89%
Tunisia
89%
Iraq
88%
Namibia
88%
Oman
88%
Qatar
88%
United Arab Emirates
88%
Yemen
88%
Pakistan
86%
Bahrain
82%
Eritrea
82%
Israel
82%
Sudan
82%
Angola
80%
Australia
80%
Djibouti
80%
Mexico
80%
Senegal
80%
Argentina
79%
Peru
79%
South Africa
79%
Jordan
77%
Spain (Canary Islands)
59%
United Kingdom (Ascension)
59%
Colombia
57%
Venezuela
43%
Cape Verde
34%
No matching quizzes found
Score Distribution
Percent of People with Each Score
Percentile by Number Answered
Your Score History
You have not taken this quiz